اثر إدارة التنوع في تطوير المنظمات الذكية في شركات الاتصالات العاملة بالسعودية = The Impact of Diversity Management on Developing Smart Organizations in Telecommunications Companies Operating in Saudi Arabia (Record no. 33970)
[ view plain ]
| 000 -LEADER | |
|---|---|
| fixed length control field | 01059nam a22001937a 4500 |
| 003 - CONTROL NUMBER IDENTIFIER | |
| control field | JO-AjAnu |
| 005 - DATE AND TIME OF LATEST TRANSACTION | |
| control field | 20250923091836.0 |
| 008 - FIXED-LENGTH DATA ELEMENTS--GENERAL INFORMATION | |
| fixed length control field | 250921b jo ||||| |||| 00| 0 ara d |
| 040 ## - CATALOGING SOURCE | |
| Original cataloging agency | ANU |
| Transcribing agency | JO-AjAnu |
| 041 ## - LANGUAGE CODE | |
| Language code of original | ARA |
| 100 ## - MAIN ENTRY--PERSONAL NAME | |
| Personal name | العوذه، فيصل مساعد نزال |
| Relator term | معد |
| 9 (RLIN) | 66641 |
| 245 ## - TITLE STATEMENT | |
| Title | اثر إدارة التنوع في تطوير المنظمات الذكية في شركات الاتصالات العاملة بالسعودية = The Impact of Diversity Management on Developing Smart Organizations in Telecommunications Companies Operating in Saudi Arabia |
| Statement of responsibility, etc. | / اعداد فيصل مساعد نزال العوذه ؛ اشراف هشام علي شطناوي |
| 260 ## - PUBLICATION, DISTRIBUTION, ETC. | |
| Date of publication, distribution, etc. | 2025 |
| 300 ## - PHYSICAL DESCRIPTION | |
| Extent | 106 ورقة |
| 500 ## - GENERAL NOTE | |
| General note | رسالة جامعية (رسالة ماجستير في إدارة الأعمال) كلية الأعمال - جامعة عجلون الوطنية ؛ 2025 |
| 650 ## - SUBJECT ADDED ENTRY--TOPICAL TERM | |
| Form subdivision | شركة الاتصالات السعودية-ادارة |
| 700 ## - ADDED ENTRY--PERSONAL NAME | |
| Personal name | شطناوي، هشام علي |
| Relator term | مشرف |
| 9 (RLIN) | 64974 |
| 942 ## - ADDED ENTRY ELEMENTS (KOHA) | |
| Source of classification or shelving scheme | Library of Congress Classification |
| Koha item type | Thesis |
| Suppress in OPAC | No |
| Withdrawn status | Lost status | Source of classification or shelving scheme | Damaged status | Not for loan | Home library | Current library | Date acquired | Total Checkouts | Full call number | Barcode | Date last seen | Price effective from | Koha item type |
|---|---|---|---|---|---|---|---|---|---|---|---|---|---|
| Library of Congress Classification | مكتبة جامعة عجلون الوطنية | مكتبة جامعة عجلون الوطنية | 21/09/2025 | HE8846.2025 | A30330 | 21/09/2025 | 21/09/2025 | Thesis | |||||
| Library of Congress Classification | مكتبة جامعة عجلون الوطنية | مكتبة جامعة عجلون الوطنية | 21/09/2025 | HE8846.2025 | A30329 | 21/09/2025 | 21/09/2025 | Thesis |